Normal view
MARC view
- EBELHAR, RONALD J DRNEVICH, VINCENT P
Entry Personal Name
001 - CONTROL NUMBER
- control field: 29784
003 - CONTROL NUMBER IDENTIFIER
- control field: NUST
005 - DATE AND TIME OF LATEST TRANSACTION
- control field: 20200903103901.0
008 - FIXED-LENGTH DATA ELEMENTS
- fixed length control field: 200903|| aca||aabn | a|a d
040 ## - CATALOGING SOURCE
- Original cataloging agency: NUST
- Transcribing agency: NUST
100 ## - HEADING--PERSONAL NAME
- Personal name: EBELHAR, RONALD J DRNEVICH, VINCENT P
670 ## - SOURCE DATA FOUND
- Source citation: Work cat.: (NUST): EBELHAR, RONALD J DRNEVICH, VINCENT P, Dynamic Geotechnical Testing II, 1994
